P.K. Nengsong lavui/ (Record no. 7688)

MARC details
000 -LEADER
fixed length control field 00399nam a22001577a 4500
003 - CONTROL NUMBER IDENTIFIER
control field GBCCL
005 - DATE AND TIME OF LATEST TRANSACTION
control field 20241126110634.0
008 - FIXED-LENGTH DATA ELEMENTS--GENERAL INFORMATION
fixed length control field 180911b ||||| |||| 00| 0 eng d
040 ## - CATALOGING SOURCE
Transcribing agency gbc
082 ## - DEWEY DECIMAL CLASSIFICATION NUMBER
Classification number VER 246.75
Item number NEN
100 ## - MAIN ENTRY--PERSONAL NAME
Personal name Nengson, PK
9 (RLIN) 13531
245 ## - TITLE STATEMENT
Title P.K. Nengsong lavui/
Statement of responsibility, etc. compiled and edited by K Songkhotuan
260 ## - PUBLICATION, DISTRIBUTION, ETC.
Date of publication, distribution, etc. 1992
Place of publication, distribution, etc. Lamka:
Name of publisher, distributor, etc. Author
300 ## - PHYSICAL DESCRIPTION
Extent 71p. ;
942 ## - ADDED ENTRY ELEMENTS (KOHA)
Source of classification or shelving scheme Dewey Decimal Classification
Koha item type Books
Holdings
Withdrawn status Lost status Source of classification or shelving scheme Damaged status Not for loan Collection Home library Current Library Shelving location Date acquired Total checkouts Full call number Barcode Date last seen Copy number Price effective from Koha item type
    Dewey Decimal Classification       GRACE BIBLE COLLEGE GRACE BIBLE COLLEGE Vernacular 2018-09-11   VER 246.75 NEN 003801 2025-05-01 c.1 2018-09-11 Books
    Dewey Decimal Classification       GRACE BIBLE COLLEGE GRACE BIBLE COLLEGE Vernacular 2021-10-08   VER 246.75 NEN 004612 2025-05-01 c.2 2021-10-08 Books
    Dewey Decimal Classification       GRACE BIBLE COLLEGE GRACE BIBLE COLLEGE Vernacular 2021-10-08   VER 246.75 NEN 004613 2025-05-01 c.3 2021-10-08 Books
    Dewey Decimal Classification       GRACE BIBLE COLLEGE GRACE BIBLE COLLEGE Vernacular 2021-10-20   VER 246.75 NEN 004649 2025-05-01 c.4 2021-10-20 Books
© Grace Bible College Library 2025